00000000nam##2200000za#4500
0019.615870
003CaOODSP
00520210615101322
007ta
008150406|2002||||xxc|||||     f|0| 0 eng|d
020 |a0-662-31499-9
040 |aCaOODSP|beng
043 |an-cn---
0861 |aH113-9/2001-7E
1101 |aCanada. |bPest Management Regulatory Agency.
24510|aChondrostereum purpureum (HQ1)
260 |aOttawa - Ontario : |bHealth Canada. |c2002.
300 |a31p. : |breferences, tables ; |c28 cm.
4901 |aProposed registration decision |vPRDD 2002-01
5203 |aThis Proposed Regulatory Decision Document provides a summary of data reviewed and the rationale for the proposed full registration of these products.
563 |aSoftcover
590 |a02-05|b2002-02-01
69007|aFederal institutions|2gcpds
69007|aPesticides|2gcpds
69007|aRegulations|2gcpds
77508|tChondrostereum purpureum (HQ1) |w(CaOODSP)9.625872
7760#|tChondrostereum purpureum (HQ1) |w(CaOODSP)9.558034
830#0|aProposed registration decision ;|vPRDD 2002-01|w(CaOODSP)9.514704